[Event "Czechia KP-chTA 0607"]
[Site "Czech Republic"]
[Date "2006.12.10"]
[Round "4.8"]
[White "Minarik, Petr"]
[Black "Krbecek, Vaclav"]
[Result "0-1"]
[WhiteElo "1712"]
[BlackElo "1891"]
[PlyCount "110"]
[EventDate "2006.10.29"]
[EventType "team"]
[EventRounds "11"]
[EventCountry "CZE"]
[SourceTitle "EXT 2008"]
[Source "ChessBase"]
[SourceDate "2007.11.25"]
[SourceVersion "1"]
[SourceVersionDate "2007.11.25"]
[SourceQuality "1"]
[WhiteTeam "Kladno II"]
[BlackTeam "Emerge MB B"]
[WhiteTeamCountry "CZE"]
[BlackTeamCountry "CZE"]

1. e4 d6 2. d4 g6 3. Be3 Nf6 4. f3 Bg7 5. Bd3 0-0 6. Qd2 Nc6 7. c3 e5 8. Ne2 exd4 9. Nxd4 Ne5 10. 0-0 a6 11. a4 c5 12. Nc2 Be6 13. Nba3 Qc7 14. c4 Rac8 15. Rab1 Rfd8 16. Bg5 h6 17. Bh4 g5 18. Bf2 Nh5 19. Ne3 Nf4 20. Bc2 Nh3+ 21. Kh1 Nxf2+ 22. Rxf2 Ng6 23. Nd5 Bxd5 24. exd5 Bd4 25. Re2 Nf4 26. Ree1 Qd7 27. b3 f5 28. g3 Ng6 29. Re6 Qf7 30. f4 g4 31. Qd3 Rf8 32. Qxf5 Qxf5 33. Bxf5 Nxf4 34. gxf4 Rxf5 35. Rxd6 Rxf4 36. Nc2 Bg7 37. Rd7 Re8 38. Rxb7 Rf2 39. d6 Rxc2 40. d7 Rd8 41. Rd1 Re2 42. Rc7 Kf7 43. Rxc5 Be5 44. Rc6 h5 45. Rxa6 h4 46. c5 h3 47. Rh6 Rxh2+ 48. Kg1 Rc2 49. Rh7+ Kg6 50. Re7 h2+ 51. Kh1 Kf6 52. Re8 Bc7 53. Rf1+ Kg6 54. Re6+ Kg5 55. c6 g3 0-1

[Event "Czechia KP-chTA 0607"]
[Site "Czech Republic"]
[Date "2006.10.29"]
[Round "1.8"]
[White "Utratil, Ferdinand"]
[Black "Krbecek, Vaclav"]
[Result "0-1"]
[WhiteElo "1553"]
[BlackElo "1891"]
[PlyCount "78"]
[EventDate "2006.10.29"]
[EventType "team"]
[EventRounds "11"]
[EventCountry "CZE"]
[SourceTitle "EXT 2008"]
[Source "ChessBase"]
[SourceDate "2007.11.25"]
[SourceVersion "1"]
[SourceVersionDate "2007.11.25"]
[SourceQuality "1"]
[WhiteTeam "Tisice"]
[BlackTeam "Emerge MB B"]
[WhiteTeamCountry "CZE"]
[BlackTeamCountry "CZE"]

1. e4 e5 2. Nf3 Nc6 3. Bb5 Nf6 4. Nc3 Nd4 5. Bc4 Nxf3+ 6. Qxf3 Bc5 7. Nd5 Nxd5 8. Bxd5 0-0 9. c3 c6 10. Bb3 a5 11. a4 b5 12. d3 bxa4 13. Bc4 Bb7 14. Qg3 d5 15. exd5 cxd5 16. Ba2 a3 17. bxa3 Ra6 18. 0-0 Bd6 19. Qe3 d4 20. Qd2 Qc7 21. cxd4 exd4 22. f4 Qd8 23. Bc4 Ra8 24. a4 Qh4 25. Qf2 Qf6 26. Ba3 Rae8 27. Qb2 Rb8 28. Bxd6 Qxd6 29. Qd2 Ba8 30. Qxa5 Rb2 31. Rf2 Rxf2 32. Kxf2 Qxf4+ 33. Kg1 Qg4 34. Bd5 Qf5 35. Bxf7+ Qxf7 36. Qd2 h5 37. Qe2 h4 38. Rf1 Qd5 39. Rc1 h3 0-1